| 000 | 01041cam a22002771 4500 | ||
|---|---|---|---|
| 001 | gs 45000100 | ||
| 003 | DLC | ||
| 005 | 20260227111351.0 | ||
| 008 | 780524s1945 nmu 000 0 eng c | ||
| 010 | _ags 45000100 | ||
| 035 | _a(OCoLC)3922485 | ||
| 040 |
_aU. S. Geological Survey. Library _cTxEU _dDLC |
||
| 042 | _apremarc | ||
| 050 | 0 | 0 |
_aTN24.N6 _bA232 no. 23 |
| 082 | _a(622.0711789) 551.7 | ||
| 100 | 1 |
_aKing, Robert E. _q(Robert Evans), _d1906- |
|
| 245 | 1 | 0 |
_aStratigraphy and oil-producing zones of the pre-San Andres formations of southeastern New Mexico, _ba preliminary report. With an explanatory note by Robert L. Bates. |
| 260 |
_aSocorro, _c1945. |
||
| 300 |
_a34 p. _c23 cm. |
||
| 410 | 1 | 0 |
_aNew Mexico. _bBureau of Mines and Mineral Resources. _tBulletin, _vno. 23 |
| 500 | _a"May be considered a supplement to Bulletin 18 of this series": p. 6. | ||
| 504 | _a"References": p. 29. | ||
| 650 | 0 |
_aGeology _zNew Mexico. |
|
| 650 | 0 |
_aPetroleum _xGeology _zNew Mexico. |
|
| 700 | 1 |
_aBates, Robert Latimer, _d1912- . |
|
| 999 |
_c28046 _d28046 |
||